000 02508nam0a2200409 4500
001 RU\NLR\bibl\1520429
005 20250616030451.0
010 _a978-5-321-01693-0
_9200
021 _aRU
_b2010-32739
_92192
035 _a(nilc)RSL-KNO-004639080
035 _a(NLR Aleph) 001511793
090 _a85176
_c85176
100 _a20100511d2010 |||y0rusy50 ca
101 0 _arus
102 _aRU
105 _aa |||||||||
200 1 _aПроизводство строительных материалов
_eвведение в специальность
_eучебное пособие для студентов всех форм обучения по специальностям "Производство строительных материалов, изделий и конструкций"
_fИ.С. Семериков, В.А. Пьячев, Н.Н. Башкатов
_gнауч. ред.: проф., д.т.н. Ф.Л. Капустин
_gФедер. агентство по образованию, Ур. гос. техн. ун-т - УПИ им. первого Президента России Б.Н. Ельцина
210 _aЕкатеринбург
_cУГТУ-УПИ
_d2010
215 _a120 с.
_cил.
_d21
313 _aвяжущие
320 _aБиблиогр.: с. 101 (11 назв.)
606 1 _aВяжущие строительные материалы
_jУчебные издания для высших учебных заведений
_xПроизводство
_91323474
_3RU\NLR\auth\66234388
610 0 _aСтроительство -- Строительные материалы и изделия -- Вяжущие вещества -- Учебник для высшей школы
610 0 _aСтроительство -- Строительные материалы и изделия -- Подготовка кадров -- Высшее строительное образование -- Учебник для высшей школы
686 _aН32я73-1
_2rubbk
686 _aН3р(2)3я73-1
_2rubbk
686 _aЛ45я73-1
700 1 _aСемериков
_bИ. С.
_gИван Савельевич
_4070
701 1 _aПьячев
_bВ. А.
_gВасилий Афанасьевич
_4070
701 1 _aБашкатов
_bН. Н.
_gНиколай Николаевич
_4070
801 0 _aRU
_bРГБ
_c20100511
_grcr
801 1 _aRU
_bРГБ
_c20100511
801 2 _aRU
_bNLR
_c20100607
_grcr
830 _aавт.п о кн.
942 _cBOOK
980 _aNB